| 000 | 00695nam a22002777a 4500 | ||
|---|---|---|---|
| 001 | 28480 | ||
| 003 | UA-OsUOA | ||
| 005 | 20191119164421.0 | ||
| 007 | ta | ||
| 008 | 20050330b un ||||| |||| 00| 0 ukr d | ||
| 020 | _a966-500-179-5 | ||
| 040 |
_aUA-OsUOA _bukr _cUA-OsUOA _dUA-OsUOA |
||
| 041 | _aukr | ||
| 044 | _aUA | ||
| 080 | _a321 | ||
| 090 |
_a321 _bГ58 |
||
| 100 | _aГогвуд Б. | ||
| 245 | _aАналіз політики для реального світу | ||
| 260 |
_aК. _bОснова _c2004 |
||
| 300 | _a396 с. | ||
| 650 | 7 | _2UDC | |
| 700 | _aГан Л. | ||
| 942 |
_cBK _2udc |
||
| 955 | _a2 | ||
| 999 |
_c314848 _d314848 |
||